Statistics for Milwaukee Bucks NBA Finals Starters

Click here to take the quiz!

General Stats

  • This quiz has been taken 247 times
    (219 since last reset)
  • The average score is 7 of 11

Answer Stats

FinalsPlayers% Correct
2021Giannis Antetokounmpo
100%
2021Jrue Holiday
97%
2021Brook Lopez
96%
2021Khris Middleton
96%
1971, 1974Kareem Abdul-Jabbar
92%
1971, 1974Oscar Robertson
84%
2021P.J. Tucker
56%
1971, 1974Bob Dandridge
28%
1971Greg Smith
19%
1971, 1974Jon McGlocklin
16%
1974Cornell Warner
2%

Score Distribution

Percentile by Number Answered

Percent of People with Each Score

Your Score History

You have not taken this quiz since the last reset